| 000 | 01199nam a2200241Ia 4500 | ||
|---|---|---|---|
| 003 | OSt | ||
| 005 | 20210608154211.0 | ||
| 008 | 210310s1964 mx ad gr 001 0 spa d | ||
| 040 |
_aCO-JMCR _cCO-JMCR |
||
| 041 | 1 |
_aspa _heng |
|
| 082 | 0 | 4 |
_a333.91 / _bE192e _223 |
| 100 | 1 |
_aEckstein, Otto, _916125 _eautor |
|
| 245 | 1 | 0 |
_aExplotación de recursos hidráulicos / _cOtto Eckstein |
| 250 | _aPrimera edición | ||
| 260 |
_aMéxico : _bCompañía General de Ediciones, _c1964 |
||
| 300 |
_bxvii, 324 páginas : _ailustraciones y gráficas a blanco y negro ; _c21 cm. |
||
| 500 | _aIncluye notas a pie de página e índice analítico. Título original: Water resource development | ||
| 504 | _aBibliografía: páginas 307-314 | ||
| 505 | 0 | _aLa base teórica de los cálculos sobre los beneficios y los costos -- El criterio de los beneficios y costos. Notas técnicas en relación con los capítulos II y III -- Continuación del criterio sobre beneficios y costos -- Control de inundaciones -- Navegación -- Riego -- Energía eléctrica -- La distribución de los costos comunes | |
| 546 | _aTraducido del inglés. | ||
| 650 |
_aRecursos naturales _916127 _zEstados Unidos |
||
| 942 |
_2ddc _cBK |
||
| 999 |
_c8027 _d8027 |
||